000 00304nam a2200121Ia 4500
008 191201s2014 xx 000 0 und d
100 _aMorville, Peter
245 0 _aInformation Architecture for the World Wide Web
260 _c2014
_bSPD
_aN.Delhi
300 _a504+23
650 _aCSE
942 _2ddc
_cBB
999 _c7693
_d7693